| 000 | 00501nam a22001577a 4500 | ||
|---|---|---|---|
| 005 | 20090204165213.0 | ||
| 008 | 090204t xxu||||| |||| 00| 0 eng d | ||
| 022 | _a0973-0427 | ||
| 245 |
_aAwards digest _bjournal of labour legislation |
||
| 260 |
_aNoida _bV V Giri National Labour Institute _c2008- |
||
| 300 |
_av. _c28 cm |
||
| 310 | _abi-monthly | ||
| 650 | _aLabour legislation | ||
| 942 |
_2ddc _cSR _s1 |
||
| 999 |
_c23034 _d23034 |
||